[Event "Dieren op"]
[Site "Dieren"]
[Date "1998.??.??"]
[Round "7"]
[White "Reinderman, Dimitri"]
[Black "Hoeksema, Hendrik Pieter"]
[Result "1-0"]
[WhiteElo "2480"]
[BlackElo "2405"]

1.c4 e5 2.g3 Nf6 3.Bg2 d5 4.cxd5 Nxd5 5.Nf3 Nc6 6.O-O Nb6 7.b3 Be7 8.Bb2 f6
9.Nc3 O-O 10.Rc1 f5 11.d3 Bf6 12.b4 a6 13.a3 Kh8 14.Nd2 Nd4 15.e3 Nb5 16.Nb3 Nxc3
17.Bxc3 c6 18.Nc5 Qe7 19.Qb3 Nd7 20.Ne6 Rg8 21.d4 Nb6 22.dxe5 Bxe6 23.exf6 Bxb3
24.fxe7 Nc8 25.Rfe1 Nxe7 26.e4 Rge8 27.Re3 Bf7 28.Rce1 Kg8 29.f4 fxe4 30.Rxe4 Nd5
31.Rxe8+ Rxe8 32.Rxe8+ Bxe8 33.Bd4 Bd7 34.Kf2 g6 35.Kf3 Bf5 36.Bf1 h5 37.h3 Kf7
38.g4 hxg4+ 39.hxg4 Bc2 40.Kg3 Ke6 41.Bc4 Ke7 42.Be5 Be4 43.Kh4 Ne3 44.Be2 b5
45.Bd4 Nc4 46.a4 Ke6 47.a5 Nd6 48.Bd1 Nc4 49.Bb3 Bd3 50.Kg5 Bb1 51.Kh6 Bd3
52.Bf2 Be2 53.f5+ gxf5 54.g5 Kf7 55.g6+ Kg8 56.Bg3 Bd3 57.Bf4 Be4 58.g7 Bd3
59.Bd1 Be4 60.Bh5 Bd5 61.Bg6  1-0

[Event "Centrocoop June op-A"]
[Site "Eforie Nord "]
[Date "1998.??.??"]
[Round "?"]
[White "Tikhomirov, Sergei"]
[Black "Kazacov, P."]
[Result "1-0"]
[WhiteElo "2435"]
[BlackElo "2210"]

1.c4 e5 2.g3 Nc6 3.Bg2 g6 4.Nc3 Bg7 5.e3 Nge7 6.Nge2 d6 7.Nd5 O-O 8.d3 Nxd5
9.cxd5 Ne7 10.Nc3 c5 11.dxc6 bxc6 12.O-O Be6 13.Qa4 Rb8 14.Rb1 f5 15.Bd2 Qd7
16.Rfc1 g5 17.Ne2 f4 18.exf4 gxf4 19.gxf4 Bh3 20.Ng3 Bxg2 21.Kxg2 exf4 22.Bxf4 Bxb2
23.Rc2 Bg7 24.Rxb8 Rxb8 25.Bg5 Rb6 26.Bxe7 Qxe7 27.Qg4 h6 28.Re2 Qg5 29.Qe6+ Kh7
30.Qxd6 c5 31.Qd7 Rf6 32.Qb7 h5 33.Qe4+ Qg6 34.Rc2 Qxe4+ 35.dxe4 h4 36.Nf5  1-0

[Event "FIN-chT9899"]
[Site "FIN"]
[Date "1998.??.??"]
[Round "2"]
[White "Rantanen, Yrjo A"]
[Black "Nippula, Timo"]
[Result "1-0"]
[WhiteElo "2360"]
[BlackElo "2210"]

1.c4 e5 2.g3 Nf6 3.Bg2 Nc6 4.Nc3 Bb4 5.d3 O-O 6.a3 Bxc3+ 7.bxc3 Re8 8.e4 d6
9.Ne2 Bd7 10.h3 Ne7 11.O-O Ng6 12.Kh2 c6 13.a4 Qe7 14.f4 exf4 15.Nxf4 Rad8
16.Ra2 Bc8 17.Raf2 Ne5 18.Kg1 Rf8 19.Ne2 Nfd7 20.Qc2 a6 21.g4 Ng6 22.Nd4 Nde5
23.Nf5 Qc7 24.Qe2 Be6 25.h4 b5 26.cxb5 cxb5 27.Bd2 bxa4 28.h5 Ne7 29.c4 a3
30.Bc3 f6 31.Ra1 Rfe8 32.Rxa3 Bxf5 33.gxf5 Rb8 34.Rxa6 Rb1+ 35.Kh2 d5 36.Kh3 dxc4
37.Bxe5 Qxe5 38.Re6 Qc3 39.Qg4 Kf7 40.Rf3 cxd3 41.Rg3 Rg8 42.Qf4 Nc8 43.Qf3 Rb3
44.e5 Ne7 45.Qe4 fxe5 46.Rxe5 Re8 47.f6 Qc8+ 48.Kh2 Nf5 49.Rxe8 Qxe8 50.Qxf5 Rb5
51.Bd5+  1-0

[Event "FIN-chT9899"]
[Site "FIN"]
[Date "1998.??.??"]
[Round "3"]
[White "Hentunen, Asko"]
[Black "Keskisarja, Teemu"]
[Result "1/2-1/2"]
[WhiteElo "2325"]
[BlackElo "2290"]

1.c4 e5 2.g3 Nf6 3.Bg2 c6 4.Nf3 e4 5.Nd4 d5 6.cxd5 Qxd5 7.Nc2 Qh5 8.h4 Bc5
9.Nc3 Qe5 10.b4 Bb6 11.Bb2 Qe7 12.a3 O-O 13.Ne3 Bxe3 14.dxe3 Bf5 15.Qc2 Nbd7
16.g4 Bxg4 17.Nxe4 a5 18.Nxf6+ Nxf6 19.b5 cxb5 20.Bd4 Rac8 21.Qb2 Rc4 22.Rg1 Rfc8
23.Bxf6 Qxf6 24.Qxf6 gxf6 25.Bxb7 Rc1+ 26.Kd2 R8c2+ 27.Kd3 Rc3+ 28.Kd2 R3c2+
29.Kd3 Rc3+ 30.Kd4 Rc4+ 31.Kd3 Rxa1 32.Rxa1 Bf5+ 33.e4 Be6 34.Ba6 f5 35.Bxb5 fxe4+
36.Ke3 Rc5 37.a4 f5 38.Kd4 Rd5+ 39.Ke3 Rc5 40.Kf4 Kf7 41.Rd1 Ke7 42.Rg1 Kf6
43.Rd1 Ke7 44.Kg5 Rc3 45.Rh1 Rc7 46.Kh6 Kf6 47.Rd1 Rg7 48.Rd6 Rg6+ 49.Kxh7 Rg7+
50.Kh6 Rg6+ 51.Kh7 Rg7+ 52.Kh6 Rg6+ 53.Kh5 Rg7  1/2-1/2

[Event "FIN-chT9899"]
[Site "FIN"]
[Date "1998.??.??"]
[Round "4"]
[White "Pihlajasalo, Antti"]
[Black "Tella, Jussi"]
[Result "1/2-1/2"]
[WhiteElo "2330"]
[BlackElo "2385"]

1.c4 e5 2.g3 Nf6 3.Bg2 Nc6 4.Nf3 Bc5 5.O-O d6 6.d3 h6 7.Nc3 a6 8.a3 Ba7 9.b4 O-O
10.Bb2 Re8 11.Rc1 Bg4 12.h3 Bh5 13.Nd5 Nxd5 14.cxd5 Ne7 15.Qb3 Rc8 16.Rc2 f6
17.e4 Qd7 18.Nd2 Bf7 19.Rfc1 Rf8 20.Nc4 c6 21.Ne3 cxd5 22.Nxd5 Bxd5 23.exd5 Rxc2
24.Rxc2 Nf5 25.Kh2 Nd4 26.Bxd4 Bxd4 27.Qc4  1/2-1/2

[Event "FIN-chT9899"]
[Site "FIN"]
[Date "1998.??.??"]
[Round "4"]
[White "Hentunen, Asko"]
[Black "Kytoniemi, Jyrki"]
[Result "0-1"]
[WhiteElo "2325"]
[BlackElo "2240"]

1.c4 e5 2.g3 Nf6 3.Nc3 c6 4.Nf3 e4 5.Nd4 d5 6.cxd5 Qb6 7.Nc2 Bc5 8.Ne3 cxd5
9.Na4 Qc6 10.Nxc5 Qxc5 11.b3 Nc6 12.Bb2 d4 13.Nc4 O-O 14.Bg2 Bg4 15.h3 Bh5
16.g4 Bg6 17.Ba3 Nb4 18.O-O a5 19.d3 b5 20.Nd2 Rae8 21.Rc1 Qb6 22.dxe4 Nxe4
23.Nxe4 Bxe4 24.Qd2 Bxg2 25.Kxg2 f5 26.f3 Re3 27.Rf2 Rfe8 28.Bxb4 axb4 29.gxf5 Qf6
30.Rc5 Qg5+ 31.Kf1 d3 32.Rd5 dxe2+ 33.Rxe2 Rxf3+ 34.Rf2 Qg3  0-1

[Event "FIN-ch"]
[Site "FIN"]
[Date "1998.??.??"]
[Round "8"]
[White "Valkesalmi, Kimmo"]
[Black "Westerinen, Heikki MJ"]
[Result "1/2-1/2"]
[WhiteElo "2375"]
[BlackElo "2410"]

1.c4 e5 2.g3 Nc6 3.Bg2 g6 4.Nc3 Bg7 5.Rb1 Nf6 6.b4 O-O 7.d3 h6 8.e3 Ne7 9.Qb3 c6
10.Nf3 Qc7 11.Bb2 d5 12.cxd5 Nfxd5 13.e4 Nb6 14.O-O Be6 15.Qc2 Rad8 16.Rfd1 f5
17.Na4 Nxa4 18.Qxa4 f4 19.Rd2 g5 20.Qa5 Qxa5 21.bxa5 Ng6 22.Ba3 Rf7 23.h3 fxg3
24.fxg3 Bf8 25.Bxf8 Rdxf8 26.Ne1 h5 27.Rc1 a6 28.Rc5 h4 29.g4 Kg7 30.a3 Kh6
31.Re2 Bb3 32.Rb2 Be6 33.Rd2 Bc8 34.Nc2 Rd8 35.Ne3 Kg7 36.Nc4 Re7 37.Kf2 Kf6
38.Ke3 Nf4 39.Bf1 Bd7 40.d4 exd4+ 41.Rxd4 Ne6 42.Rf5+ Kg7 43.Rd6 Rf8 44.Ne5 Be8
45.Bc4 Nf4 46.Rxg5+ Kh7 47.Nf3 Ng2+ 48.Kf2 Nf4 49.Rf5 Nxh3+ 50.Ke3 Rxf5 51.gxf5 Rg7
52.Bf1 Rg3 53.Bxh3 Bh5 54.Bg2 Rxg2 55.Rd7+ Kh6 56.Rd6+ Kh7 57.Rd7+ Kh6 58.Nxh4 Rg4
59.Rd6+ Kh7 60.Rd7+ Kh6 61.Rxb7 Rxh4 62.Rc7 Kg5 63.Rxc6 Rh3+ 64.Kd4 Rxa3
65.Rxa6 Ra4+ 66.Ke5 Bf3 67.Rg6+ Kh5 68.Re6 Bxe4 69.Kf6 Kg4 70.Re5 Kf4 71.Rc5 Bd3
72.Ke6 Rc4 73.Rd5 Be4 74.Rb5 Rc6+ 75.Kd7 Rf6 76.Rb4 Rxf5 77.Ra4 Ke5 78.Kc7 Rf7+
79.Kb6 Rb7+ 80.Kc5 Rc7+ 81.Kb6 Rb7+ 82.Kc5  1/2-1/2

[Event "FIN-chT 9798"]
[Site "Finland"]
[Date "1998.??.??"]
[Round "7"]
[White "Pihlajasalo, Antti"]
[Black "Westerinen, Heikki MJ"]
[Result "1/2-1/2"]
[WhiteElo "2205"]
[BlackElo "2425"]

1.c4 e5 2.g3 Nc6 3.Bg2 g6 4.Nc3 Bg7 5.Rb1 Nf6 6.Nf3 O-O 7.O-O Re8 8.b4 d6
9.d3 h6 10.b5 Ne7 11.Bb2 Be6 12.Nd2 d5 13.cxd5 Nexd5 14.Nc4 Nxc3 15.Bxc3 e4
16.Na5 Bxa2 17.Rb2 Bd5 18.dxe4 Bxe4 19.Nxb7 Qxd1 20.Rxd1 Bxg2 21.Kxg2 a6  1/2-1/2

[Event "Oberliga Sued W9798"]
[Site "GER"]
[Date "1998.??.??"]
[Round "?"]
[White "Biehler, Thomas"]
[Black "Bakalarz, Mieczyslaw"]
[Result "1-0"]
[WhiteElo "2335"]
[BlackElo "2265"]

1.c4 e5 2.g3 Nf6 3.Bg2 d5 4.cxd5 Nxd5 5.Nf3 Nc6 6.Nc3 Nb6 7.a3 a5 8.d4 exd4
9.Nb5 Be7 10.Nfxd4 Nxd4 11.Qxd4 Qxd4 12.Nxd4 c6 13.Be3 Ra6 14.Rc1 O-O 15.O-O a4
16.Rfd1 Bf6 17.Rd2 Rd8 18.Nf3 Rxd2 19.Nxd2 Bf5 20.Ne4 Bxb2 21.Rd1 Nd5 22.Nc5 Ra8
23.Bxd5 cxd5 24.Rxd5 g6 25.Bd4 Bxa3 26.Nxa4 Be6 27.Nb6 Bxd5 28.Nxa8 b5 29.Nc7 Bc4
30.e4 Kf8 31.Na6 Ke7 32.f3 Kd6 33.Bc3 Be6 34.Kf2 Bc8 35.Bb4+ Bxb4 36.Nxb4 Kc5
37.Nd3+ Kd4 38.Ke2 Be6 39.Kd2 Bc4 40.Nb4  1-0

[Event "Oberliga Nord N9899"]
[Site "GER"]
[Date "1998.??.??"]
[Round "?"]
[White "Hold, Andre"]
[Black "Mach, Holger"]
[Result "1/2-1/2"]
[WhiteElo "2225"]
[BlackElo "2270"]

1.c4 e5 2.g3 Nf6 3.Bg2 Bc5 4.Nc3 O-O 5.e3 Nc6 6.Nge2 Re8 7.a3 a5 8.O-O d6
9.Qc2 Bg4 10.h3 Bh5 11.f4 Nd4 12.Nxd4 exd4 13.Nd5 Nxd5 14.cxd5 f6 15.Qd3 Qd7
16.Kh2 f5 17.Rb1 Re7 18.b4 axb4 19.axb4 Bb6 20.Re1 Qe8 21.Rb3 Ra2 22.e4 Bg6
23.Qb1 Ra8 24.d3 Bf7 25.Bd2 c6 26.exf5 Bxd5 27.Bxd5+ cxd5 28.Rb2 Ra3 29.Rxe7 Qxe7
30.Be1 Qf7 31.Ra2 Rxa2+ 32.Qxa2 h5 33.Qa8+ Kh7 34.Qc8 Qe7  1/2-1/2

[Event "Oberliga Nord W9798"]
[Site "Germany"]
[Date "1998.??.??"]
[Round "?"]
[White "Dornieden, Manfred"]
[Black "Willenberg, Dirk"]
[Result "1/2-1/2"]
[WhiteElo "2270"]
[BlackElo "2185"]

1.c4 e5 2.g3 Nc6 3.Bg2 f5 4.Nc3 Nf6 5.Nf3 e4 6.Ng5 Bc5 7.O-O h6 8.Nh3 O-O
9.d3 d6 10.Nf4 Bd4 11.Ncd5 g5 12.Nxf6+ Qxf6 13.Nd5 Qf7 14.e3 Bg7 15.dxe4 fxe4
16.f4 exf3 17.Rxf3 Bg4 18.Rxf7 Bxd1 19.Rxc7 Be2 20.Rxb7 Ne5 21.Ne7+ Kh7 22.Be4+ Kh8
23.Nf5 Bf3 24.Nxg7 Bxe4 25.Rc7 Nf3+ 26.Kf2 Nd4+ 27.Ke1 Nc2+ 28.Ke2 Nxa1 29.b3 Kg8
30.Bb2 Nc2 31.Nh5 Bf3+ 32.Kd2 Bxh5  1/2-1/2

[Event "BL9798 (Women)"]
[Site "Germany"]
[Date "1998.??.??"]
[Round "?.6"]
[White "Seidemann, Ulrike"]
[Black "Schubert, Silke"]
[Result "1/2-1/2"]
[WhiteElo "2075"]
[BlackElo "2075"]

1.g3 e5 2.c4 Nf6 3.Bg2 Nc6 4.Nc3 Bb4 5.Nd5 Bc5 6.e3 O-O 7.Ne2 Re8 8.d3 Nxd5
9.cxd5 Ne7 10.O-O c6 11.Nc3 Bb4 12.e4 cxd5 13.exd5 Qa5 14.Qb3 Nf5 15.a3 Bf8
16.Bd2 Nd4 17.Qd1 d6 18.b4 Qd8 19.Kh1 Bf5 20.Be3 Be7 21.Rc1 Qd7 22.Ne4 Rac8
23.Bxd4 exd4 24.Rc4 Bxe4 25.Bxe4 Bf6 26.Qf3 Rxc4 27.dxc4 Re5 28.Qg2 Qe8 29.Bb1 b6
30.Qf3 Re1 31.Kg2 Rxf1 32.Kxf1 Qe5 33.Qe4 g6 34.Qxe5 Bxe5 35.f4 Bf6 36.Ke2 Kf8
37.Kf3 Ke7 38.Ke4 Bg7 39.g4 h6 40.h4 Bf6 41.g5 hxg5 42.hxg5 Bg7 43.f5 gxf5+
44.Kxf5 Bh8 45.Bd3 Bg7 46.Be2 Bh8 47.Ke4 Bg7 48.Bg4 Bh8 49.Bc8 Bg7 50.Ba6 Bh8
51.Bc8 Bg7 52.Kd3 Be5 53.Ke4 Bg7 54.Bg4 Bh8 55.Bh5 Bg7 56.a4 Bh8 57.Bg4 Bg7
58.Bh5 Bh8 59.Bg4 Bg7 60.Bh5 Bh8 61.Kd3 Be5 62.c5 dxc5 63.bxc5 bxc5 64.Kc4 Bf4
65.Kxc5 d3 66.g6 fxg6 67.Bxg6 d2 68.Bh5 Kd7 69.Bg4+  1/2-1/2

[Event "Oberliga Ost A9798"]
[Site "Germany"]
[Date "1998.??.??"]
[Round "?"]
[White "Seidens, Udo"]
[Black "Klee, Mario"]
[Result "1-0"]
[WhiteElo "2225"]
[BlackElo "2150"]

1.c4 e5 2.g3 d6 3.Bg2 c6 4.Nc3 g6 5.e3 Bg7 6.Nge2 Ne7 7.O-O Be6 8.d3 Na6
9.b4 O-O 10.Rb1 Nc7 11.b5 cxb5 12.Nxb5 d5 13.Nxc7 Qxc7 14.Ba3 Rad8 15.Nc3 a6
16.Nxd5 Bxd5 17.cxd5 Qd7 18.e4 Rfe8 19.Qb3 b5 20.h4 Nc8 21.Rbc1 Na7 22.Kh2 a5
23.Bh3 Qb7 24.Bc5 Nc8 25.Qa3 a4 26.Qb4 Qa6 27.Rc2 Bf8 28.Bxf8 Rxf8 29.Rc6 Qb7
30.Qc5 Qa7 31.Rxc8  1-0

[Event "Oberliga Ost A9798"]
[Site "Germany"]
[Date "1998.??.??"]
[Round "?.2"]
[White "Seidens, Udo"]
[Black "Aepfler, Christian"]
[Result "0-1"]
[WhiteElo "2225"]
[BlackElo "2180"]

1.c4 e5 2.g3 Nf6 3.Bg2 c6 4.Nf3 e4 5.Nd4 d5 6.cxd5 Qxd5 7.Nc2 Qh5 8.h3 Bd6
9.d3 exd3 10.Qxd3 Bc7 11.Qa3 Nbd7 12.Nd2 Qc5 13.Qxc5 Nxc5 14.O-O O-O 15.a4 a5
16.Ra3 Be6 17.Nd4 Bd5 18.Bxd5 Nxd5 19.e4 Nb4 20.Nc4 Nxe4 21.Re1 Rfe8 22.Rae3 Nf6
23.Nf5 Nbd5 24.Rxe8+ Rxe8 25.Rxe8+ Nxe8 26.Bd2 Nb4 27.b3 g6 28.Ne7+ Kf8 29.Nc8 f5
30.Bf4 Bd8 31.Kg2 b5 32.axb5 cxb5 33.Na3 a4 34.bxa4 bxa4 35.Kf3 Nd5 36.Be5 Kf7
37.g4 Ke6 38.Bd4 fxg4+ 39.hxg4 Bc7 40.Na7 Bb8 41.N7b5 Nd6 42.Bc5 Nxb5 43.Nxb5 Be5
44.Ba3 Nf6 45.g5 Nd5 46.Kg4 Nc3 47.Na7 Nb1 48.Bb4 Bd4 49.Nc6 Bxf2 50.Kf3 Bb6
51.Bf8 Kf5 52.Be7 Nd2+ 53.Kg3 Ne4+ 54.Kh4 Bf2+ 55.Kh3 Nxg5+ 56.Kg2  0-1

[Event "NRW-Liga 9798"]
[Site "Germany"]
[Date "1998.??.??"]
[Round "5"]
[White "Schneider, Bernd"]
[Black "Schischke, Reinhard"]
[Result "1-0"]
[WhiteElo "2400"]
[BlackElo "2300"]

1.c4 e5 2.g3 Nc6 3.Bg2 d6 4.Nc3 Be6 5.d3 Qd7 6.e3 Nge7 7.Nd5 Nd8 8.d4 Ng6
9.h4 h5 10.Qb3 c6 11.Nc3 exd4 12.exd4 b5 13.d5 bxc4 14.Qxc4 cxd5 15.Nxd5 Rc8
16.Qe2 Nc6 17.Be3 Nge5 18.Nh3 Ne7 19.Nhf4 Bg4 20.f3 Nxd5 21.Nxd5 Be6 22.Rd1 Qa4
23.b3 Qa5+ 24.b4 Qa4 25.O-O Rc2 26.Rd2 Rxd2 27.Qxd2 Nc4 28.Qd4 Nxe3 29.Qxe3 Be7
30.Rc1 Bd8 31.Bh3 O-O 32.Bxe6 Re8 33.Bxf7+ Kxf7 34.Qf4+ Kg8 35.Qc4 Kh8 36.Kg2 Rf8
37.Nf4 Qe8 38.Qd3 Kg8 39.Qd5+ Kh8 40.Rc8  1-0

[Event "NRW-Liga 9798"]
[Site "Germany"]
[Date "1998.??.??"]
[Round "5"]
[White "Balduan, Markus"]
[Black "Donner, Bernd"]
[Result "1-0"]
[WhiteElo "2355"]
[BlackElo "2290"]

1.c4 e5 2.g3 Nc6 3.Bg2 f5 4.Nc3 Nf6 5.e3 Bb4 6.Nge2 d6 7.Nd5 a5 8.O-O Bc5
9.d4 Ba7 10.dxe5 dxe5 11.b3 O-O 12.Nec3 Nb4 13.Nxf6+ gxf6 14.Qh5 c6 15.Rd1 Qe8
16.Qe2 e4 17.Ba3 Be6 18.Rd2 Bf7 19.Qe1 Bh5 20.Ne2 Bc5 21.Qf1 a4 22.Nf4 axb3
23.axb3 Bf7 24.Bb2 Qe7 25.Bh3 Bg6 26.Rad1 Rfd8 27.Rxd8+ Rxd8 28.Rxd8+ Qxd8
29.Ne6 Qd6 30.Nxc5 Qxc5 31.Bxf6 Nd3 32.Qd1 Qb4 33.Bf1 Qe1 34.Qxe1 Nxe1 35.Be2 Nf3+
36.Kg2 Bh5 37.h3 Kf7 38.Bc3 Ke6 39.Kf1 Kd6 40.Kg2 Kc5 41.g4 fxg4 42.hxg4 Bxg4
43.Kg3 Bf5 44.b4+ Kd6 45.c5+ Ke6 46.Bxf3 exf3 47.Kxf3 h5 48.Kg3 Be4 49.Kf4 Bg2
50.Kg3 Bd5 51.Be1 Kf6 52.Kf4 Bc4 53.f3 Ke6 54.e4 Be2 55.Ke3 Bd1 56.f4  1-0

[Event "BL2-N9798"]
[Site "Germany"]
[Date "1998.??.??"]
[Round "8.3"]
[White "Pajeken, Wolfgang"]
[Black "Mortensen, Erling"]
[Result "0-1"]
[WhiteElo "2270"]
[BlackElo "2455"]

1.g3 e5 2.c4 d6 3.Nc3 g6 4.Bg2 Bg7 5.e3 Nf6 6.Nge2 O-O 7.d4 Nbd7 8.O-O Re8
9.Rb1 h5 10.b4 h4 11.c5 hxg3 12.fxg3 Nf8 13.dxe5 dxe5 14.Qxd8 Rxd8 15.Nb5 Ne6
16.Nec3 a6 17.Na3 a5 18.c6 b6 19.b5 Nc5 20.Nc4 Bf5 21.e4 Nfxe4 22.Nxe4 Bxe4
23.Bxe4 Nxe4 24.Be3 Nd6 25.Bxb6 cxb6 26.Nxb6 Ra7 27.Nd5 Nc8 28.b6 Nxb6 29.Nxb6 Rc7
30.Rfc1 Rd6 31.Rb5 Rdxc6 32.Rxc6 Rxc6 33.Nd7 e4 34.Rxa5 Bd4+ 35.Kg2 Rc2+
36.Kh3 e3 37.Ra8+ Kg7 38.Re8 e2 39.Kg4 Bf2 40.Rg8+ Kxg8  0-1

[Event "Gyongyos Matra Kupa"]
[Site "Gyongyos"]
[Date "1998.??.??"]
[Round "9"]
[White "Muller, Vilhelm"]
[Black "Strifler, Janos"]
[Result "1-0"]
[WhiteElo "2130"]
[BlackElo "2155"]

1.c4 e5 2.g3 c5 3.Bg2 d6 4.Nc3 Nf6 5.d3 Be7 6.e3 Qc7 7.Nge2 a6 8.O-O O-O
9.b3 Nc6 10.Bb2 Be6 11.Rc1 Rad8 12.a3 Qc8 13.Nd5 Rde8 14.f4 Bh3 15.Nb6 Qc7
16.Bxh3 Qxb6 17.Bc3 Qc7 18.Bg2 Nd7 19.b4 b6 20.Qb3 Bf6 21.Be4 exf4 22.gxf4 Bxc3
23.Nxc3 Nf6 24.Rf3 Nxe4 25.dxe4 f5 26.exf5 Rxf5 27.Nd5 Qa7 28.Rg3 Ne7 29.Qd3 Rf7
30.Rc2 Nxd5 31.Qxd5 Qe7 32.Rd2 Rd8 33.f5 Qf6 34.e4 Kh8 35.Qd3 Re7 36.Kg2 Qe5
37.Kf3 Rdd7 38.Qd5 Qxd5 39.Rxd5 Re5 40.Kf4 Rxd5 41.cxd5 cxb4 42.axb4 Kg8
43.Rc3  1-0

[Event "Helsinki op1"]
[Site "Helsinki"]
[Date "1998.??.??"]
[Round "1"]
[White "Porrasmaa, Timo"]
[Black "Hermlin, Aarne"]
[Result "1-0"]
[WhiteElo "2100"]
[BlackElo "2285"]

1.c4 e5 2.g3 Nc6 3.Bg2 g6 4.Nc3 Bg7 5.e4 d6 6.Nge2 h5 7.h3 Nh6 8.d3 f5 9.exf5 gxf5
10.h4 f4 11.Be4 Nf5 12.Nd5 Nce7 13.gxf4 Nxd5 14.cxd5 Nxh4 15.fxe5 Bxe5 16.Nf4 Bg4
17.Qa4+ Bd7 18.Qd1 Bxf4 19.Bxf4 Qe7 20.Be3 O-O-O 21.Rc1 Kb8 22.Rc3 a6 23.Qb3 Bg4
24.Rxh4 Qxh4 25.Rc6 Rde8 26.Rc4 Rxe4 27.Rxe4 Qh1+ 28.Kd2 Bf3 29.Rd4 h4 30.Qc3 Rc8
31.Qb3 h3 32.Rb4 Bxd5 33.Qa4 Ka8 34.Rh4 Bc6 35.Qd4 b6 36.Rh7 Bf3 37.Qc4 Qd1+
38.Kc3 Kb7 39.Rxh3 Qe1+  1-0

[Event "Helsinki op3"]
[Site "Helsinki"]
[Date "1998.??.??"]
[Round "2"]
[White "Valkesalmi, Kimmo"]
[Black "Tella, Jussi"]
[Result "1/2-1/2"]
[WhiteElo "2375"]
[BlackElo "2385"]

1.c4 e5 2.g3 f5 3.Bg2 Nf6 4.Nc3 Bb4 5.Qc2 O-O 6.a3 Bxc3 7.Qxc3 Nc6 8.Bxc6 dxc6
9.Qxe5 Re8 10.Qc3 Ne4 11.Qf3 Ng5 12.Qc3 Ne4 13.Qf3 Ng5 14.Qc3  1/2-1/2

[Event "Hessenliga9798"]
[Site "Hessen"]
[Date "1998.??.??"]
[Round "?.2"]
[White "Janoschka, Arnd"]
[Black "Treffert, Peter"]
[Result "1/2-1/2"]
[WhiteElo "2210"]
[BlackElo "2335"]

1.g3 e5 2.c4 g6 3.d4 exd4 4.Qxd4 Qf6 5.Qd1 Qc6 6.Nf3 Qxc4 7.b3 Bb4+ 8.Nbd2 Qd5
9.Bg2 Bc3 10.Rb1 Nc6 11.O-O Nge7 12.Nh4 Qd4 13.Nhf3 Qd5 14.Nh4 Qd6 15.Qc2 Nd4
16.Qd3 f5 17.Kh1 Bxd2 18.Qxd2 O-O 19.Bb2 Ne6 20.Qh6 Qb4 21.Nf3 Qg4 22.h4 Qh5
23.Qxh5 gxh5 24.e3 d5 25.Ne5 c6 26.Nd3 Ng6 27.Rfd1 Ng7 28.Bf3 Re8 29.Rbc1 Bd7
30.Bxg7 Kxg7 31.Bxh5 Re7 32.b4 a6 33.Kg2 Be8 34.Bf3 Ne5 35.Nxe5 Rxe5 36.Rd4 Rd8
37.a4 Rd6 38.Rf4 Bd7 39.Rc2 Rf6 40.Rd2 h6 41.Kf1 Rf8 42.Ke2 a5 43.Rb2 Ra8
44.Kd2 axb4 45.Rfxb4 Bc8 46.Bd1 Kf6 47.Bc2 Re7 48.Rb6 Ke5 49.Kc3 Rg7 50.Bd1 Re7
51.Bc2 Re6 52.Rb1 Rd6 53.R1b2 Rg6 54.Bd1 Ra7 55.Rb1 Rg7 56.R1b2 Re7 57.Bc2 Rc7
58.Bd1 Be6 59.Bc2 Bd7 60.Rb1 Bc8 61.R1b2 Rg7 62.Bd1 Re7 63.Bc2 Rg7  1/2-1/2

[Event "HUN-chT29899"]
[Site "HUN"]
[Date "1998.??.??"]
[Round "?"]
[White "Demeny, Antal"]
[Black "Ladanyi, Tibor"]
[Result "1/2-1/2"]
[WhiteElo "2205"]
[BlackElo "2215"]

1.c4 e5 2.g3 Nf6 3.Bg2 c6 4.Nf3 e4 5.Nd4 d5 6.cxd5 Qxd5 7.Nb3 Bf5 8.O-O Qd7
9.Nc3 Na6 10.f3 Nc5 11.fxe4 Nfxe4 12.d4 Nxb3 13.axb3 Nf6 14.Bg5 Be7 15.e4 Bh3
16.Bxh3 Qxh3 17.Bxf6 Bxf6 18.e5 Be7 19.d5 cxd5 20.Qxd5 O-O 21.Qxb7 Qe6 22.Qd5 Qxd5
23.Nxd5 Bc5+ 24.Kg2 Rab8 25.b4 Bxb4 26.Rxa7 Bc5 27.Ra2 Rfe8 28.Re1 Rbd8 29.Nc3 Rd2+
30.Re2 Rxe2+ 31.Nxe2 Rxe5 32.Ra8+ Bf8 33.Nc3  1/2-1/2

[Event "HUN-chT9899"]
[Site "HUN"]
[Date "1998.??.??"]
[Round "?"]
[White "Bilek, Istvan"]
[Black "Seres, Lajos"]
[Result "1/2-1/2"]
[WhiteElo "2365"]
[BlackElo "2420"]

1.c4 e5 2.g3 Nf6 3.Bg2 d5 4.cxd5 Nxd5 5.Nc3 Nb6 6.Nh3 h5 7.d3 h4 8.Ng5 f6
9.Nge4 Nc6 10.f4 exf4 11.Bxf4 h3 12.Bf1 Be6 13.Be3 Qd7 14.Nc5 Bxc5 15.Bxc5 O-O-O
16.Rc1 Kb8 17.Bxb6 axb6 18.Qa4 Rh5 19.Qf4 Re5 20.Kd2 Ra5 21.b3 Qe7 22.g4 Rd4
23.Qe3 Bxg4 24.Qxe7 Nxe7 25.Rg1 f5 26.Rg3 Rd6  1/2-1/2

[Event "HUN-chT2 9798"]
[Site "HUN"]
[Date "1998.??.??"]
[Round "?"]
[White "Mate, Laszlo"]
[Black "Balogh, Sandor"]
[Result "1/2-1/2"]
[WhiteElo "2350"]
[BlackElo "2250"]

1.c4 e5 2.g3 d6 3.Bg2 g6 4.Nc3 Bg7 5.e4 Ne7 6.Nge2 Nbc6 7.d3 O-O 8.O-O f5
9.Nd5 fxe4 10.dxe4 a5 11.Be3 b6 12.h3 Be6 13.Qd2 Qd7 14.Kh2 Rf7 15.b3 Raf8
16.a3 h6 17.b4 Kh7 18.Rab1 axb4 19.axb4 Rb8 20.Rfd1 Rbf8 21.c5 bxc5 22.bxc5 dxc5
23.Bxc5 Bxd5 24.exd5 Nd4 25.Nxd4 exd4 26.f4 Nxd5 27.Bxd4 Nf6 28.Qc3 Qc8 29.Rb7 Ne8
30.Bxg7 Rxg7 31.Rc1 Rff7 32.Ra7 Re7 33.Rc2 Qe6 34.Rb2 Qf6 35.Qxf6 Nxf6 36.Rc2 h5
37.Bf3 Rgf7 38.Kg2 Kg7 39.Rc6 Ne8 40.Kf2 h4  1/2-1/2

[Event "HUN-chT 9798"]
[Site "Hungary"]
[Date "1998.??.??"]
[Round "?"]
[White "Pirisi, Gabor"]
[Black "Emodi, Gyula"]
[Result "1-0"]
[WhiteElo "2365"]
[BlackElo "2395"]

1.c4 e5 2.g3 Nc6 3.Bg2 g6 4.Nc3 Bg7 5.Rb1 d6 6.b4 Nge7 7.b5 Nd4 8.e3 Ne6
9.Nge2 h5 10.h3 O-O 11.O-O Ng5 12.Kh2 Be6 13.f4 Nh7 14.Qb3 Rb8 15.d4 exd4
16.Nxd4 Bd7 17.Bb2 Nf6 18.Rbd1 c5 19.Nf3 Nf5 20.Rfe1 Re8 21.e4 Nd4 22.Nxd4 cxd4
23.Ne2 Nxe4 24.Nxd4 Nc5 25.Qc2 Qf6 26.Ba1 Rxe1 27.Rxe1 Qd8 28.Bd5 Kf8 29.Qe2 h4
30.g4 g5 31.Qc2 Kg8 32.Nf3 gxf4 33.Qg6 Qf8 34.Ng5  1-0

[Event "Heart of Finland op"]
[Site "Jyvaskyla"]
[Date "1998.??.??"]
[Round "?"]
[White "Valkesalmi, Kimmo"]
[Black "Joentausta, Hannu"]
[Result "1-0"]
[WhiteElo "2375"]
[BlackElo "2140"]

1.c4 e5 2.g3 Nc6 3.Bg2 g6 4.Nc3 Bg7 5.Rb1 Nge7 6.d3 O-O 7.e3 d6 8.Nge2 Be6
9.Nd5 Qd7 10.O-O f5 11.Nxe7+ Qxe7 12.b3 Rae8 13.f4 Bc8 14.Qd2 h6 15.Kh1 Kh7
16.Nc3 Nb8 17.Nd5 Qd8 18.Bb2 c6 19.Nc3 Nd7 20.Rbe1 Nf6 21.Nd1 Rf7 22.Nf2 Rfe7
23.Bc3 Qc7 24.Re2 b6 25.Rfe1 Bb7 26.e4 exf4 27.gxf4 c5 28.Bf3 Qc8 29.Qb2 Nh5
30.Bxh5 gxh5 31.Rg1 Bxc3 32.Qxc3 Rg8 33.Rxg8 Qxg8 34.Qf6 Qf7 35.Qxd6 Re6
36.Qb8 Qg7 37.Re1 Rg6 38.Qe5  1-0

[Event "Independence Cup op"]
[Site "Kiev"]
[Date "1998.??.??"]
[Round "4"]
[White "Ianovsky, Alexander"]
[Black "Tchoubar, Vladimir"]
[Result "1-0"]
[WhiteElo "2275"]
[BlackElo "2410"]

1.c4 e5 2.g3 Nc6 3.Bg2 d6 4.Nc3 Be6 5.d3 Qd7 6.Rb1 a5 7.a3 Nge7 8.b4 axb4
9.axb4 d5 10.b5 Nd8 11.Nf3 f6 12.Qb3 dxc4 13.dxc4 Nf5 14.O-O Nd6 15.Nd2 c6
16.bxc6 bxc6 17.Rd1 Nf5 18.Qb6 Rc8 19.Qa6 Qc7 20.Nde4 h5 21.Na4 Nd4 22.Nb6 Rb8
23.c5 Bg4 24.f3 Bc8 25.Qc4 Be6 26.Qa6 Bf5 27.Na8 Qc8 28.Rxb8 Qxb8 29.e3 Nb3
30.Qb6 Qxb6 31.cxb6 Nb7 32.Nc7+ Kf7 33.f4 Bg4 34.Re1 f5 35.Ng5+ Kg6 36.Bxc6 N3a5  1-0

[Event "Independence Cup op"]
[Site "Kiev"]
[Date "1998.??.??"]
[Round "9"]
[White "Nikolaev, Leonid"]
[Black "Kirnos, Evgeni"]
[Result "0-1"]
[WhiteElo "2280"]
[BlackElo "2310"]

1.c4 e5 2.g3 Nf6 3.Bg2 Nc6 4.Nc3 Be7 5.e3 O-O 6.d4 exd4 7.exd4 d5 8.cxd5 Nb4
9.Nf3 Nbxd5 10.O-O c6 11.Re1 h6 12.Ne5 Re8 13.h4 Bf8 14.Be3 Be6 15.Qd3 Qc7
16.Rad1 Rad8 17.Bc1 Qc8 18.Kh2 Nb4 19.Qd2 Nxa2 20.d5 Nxc3 21.dxe6 Rxd2 22.exf7+ Kh7
23.fxe8=Q Qxe8 24.Rxd2 Nb5 25.Rdd1 Bb4 26.Re3 Bc5 27.Be4+ Nxe4 28.Rxe4 Bxf2
29.Rd7 Bd4 30.Bf4 Bxe5 31.Rd2 Bxf4 32.Rxe8 Bxd2 33.Re7 b6 34.h5 Bg5 35.Rd7 Bf6  0-1

[Event "Independence Cup op"]
[Site "Kiev"]
[Date "1998.??.??"]
[Round "9"]
[White "Ianovsky, Alexander"]
[Black "Zakharchenko, Arnold"]
[Result "1/2-1/2"]
[WhiteElo "2275"]
[BlackElo "2315"]

1.c4 e5 2.g3 Nf6 3.Bg2 d5 4.cxd5 Nxd5 5.Qa4+ Nc6 6.Nc3 Ne7 7.Nf3 Bd7 8.Qh4 Nf5
9.Qxd8+ Rxd8 10.O-O Bc5 11.a3 a5 12.Nd5 Bd6 13.b4 Be6 14.Ng5 O-O 15.Nxe6 fxe6
16.Ne3 axb4 17.axb4 Bxb4  1/2-1/2

[Event "Klatovy op-A"]
[Site "Klatovy"]
[Date "1998.??.??"]
[Round "?"]
[White "Vrkoc, D."]
[Black "Jandecka, Tomas"]
[Result "1/2-1/2"]
[WhiteElo "2035"]
[BlackElo "2175"]

1.c4 e5 2.g3 g6 3.Bg2 Bg7 4.Nc3 Ne7 5.d3 O-O 6.Nf3 c6 7.e4 d6 8.O-O h6 9.b4 Be6
10.Bb2 Nd7 11.Qe2 c5 12.b5 f5 13.exf5 gxf5 14.Nh4 Rb8  1/2-1/2

[Event "Klatovy op-A"]
[Site "Klatovy"]
[Date "1998.??.??"]
[Round "?"]
[White "Beran, Bohumil"]
[Black "Hitzgerova, Gabriela"]
[Result "1-0"]
[WhiteElo "2015"]
[BlackElo "2185"]

1.c4 e5 2.g3 Nc6 3.Bg2 d6 4.Nf3 Be6 5.d3 h6 6.O-O g6 7.Bd2 Bg7 8.Nc3 Qd7
9.Re1 Nge7 10.Rb1 O-O 11.b4 f5 12.b5 Nd8 13.Qc1 g5 14.Bxg5 hxg5 15.Nxg5 Rf6
16.Nxe6 Rxe6 17.Nd5 c6 18.bxc6 bxc6 19.Nb4 Bh6 20.Qd1 a5 21.Nc2 d5 22.cxd5 Nxd5
23.Rb3 a4 24.Ra3 Bf8 25.e4 Bxa3 26.exd5 cxd5 27.Nxa3 Nc6 28.Nb5 Ne7 29.Nc3 Raa6
30.Qf3 Ra5 31.Rb1 Rc6 32.Nd1 Qc7 33.Qh5 e4 34.dxe4 dxe4 35.Bf1 Kg7 36.Qe8 Nc8
37.Ne3 Re5 38.Qh5 Ne7 39.Qg5+ Rg6 40.Qf4 Rc5 41.Qh4 Nc6 42.Rd1 Ne7 43.Ng2 Nd5
44.Qh5 Qf7 45.Rb1 Rc8 46.Qd1 Rf6 47.Qd4 Nc3 48.Rb6 Rc7 49.Nf4 a3 50.Ne6+ Kg6
51.Nxc7 Rxb6 52.Qxb6+ Qf6 53.Qxf6+ Kxf6 54.Bc4 Ke5 55.Nb5 Nxb5 56.Bxb5 Kd4
57.Bd7 e3 58.fxe3+ Kxe3 59.Bxf5  1-0